000 04059cam a2200673 i 4500
001 on1246487648
003 OCoLC
005 20241114142037.0
006 m d
007 cr |||||||||||
008 201211s2021 flua o 001 0 eng d
040 _aUKMGB
_beng
_erda
_epn
_cUKMGB
_dOCLCO
_dOCLCF
_dYDX
_dTYFRS
_dN
_T
_dTYFRS
_dUKAHL
_dVRC
_dOCLCO
_dOCLCQ
_dOCLCO
015 _aGBC110114
_2bnb
016 7 _a020086007
_2Uk
019 _a1251804395
020 _a9780429826061
_q(electronic publication)
020 _a0429826060
_q(electronic book)
020 _a9780429826078
_q(electronic book)
020 _a0429826079
020 _a9780429447891
_q(electronic book)
020 _a0429447892
020 _a9780429826054
_q(electronic bk. ;
_qMobipocket)
020 _a0429826052
_q(electronic bk. ;
_qMobipocket)
020 _z9781138330405
_q(hardcover)
020 _z9780367246952
_q(paperback)
020 _z9781138330085
_q(paperback)
024 7 _a10.1201/9780429447891
_2doi
035 _a2694845
_b(N
_T)
035 _a(OCoLC)1246487648
_z(OCoLC)1251804395
037 _a9780429826061
_bIngram Content Group
037 _a9780429447891
_bTaylor & Francis
060 4 _aWO 141
_b.B885 2021
082 0 4 _a617.0754
_223
049 _aMAIN
245 0 0 _aBrowse's introduction to the symptoms and signs of surgical disease.
246 3 0 _aIntroduction to the symptoms and signs of surgical disease
250 _aSixth edition /
_bedited by Steven Corbett, Matthew Bultitude, James Gossage.
264 1 _aBoca Raton :
_bCRC Press,
_c2021.
300 _a1 online resource :
_billustrations (black and white, and colour)
336 _atext
_2rdacontent
336 _astill image
_2rdacontent
337 _acomputer
_2rdamedia
338 _aonline resource
_2rdacarrier
500 _aPrevious edition: 2013.
500 _aIncludes index.
500 _aHistory Taking and Examination. The Heart, Lungs and Pleura. The Brain, CNS and Peripheral Nerves. The Skin and Subcutaneous Tissue. The Symptoms, Signs and Emergency Management of Major Injuries. Musculoskeletal Conditions. Bones and Joints of the Upper Limbs (Including Hands). Bones and Joints of the Lower Limbs (Including Feet). The Spine and Pelvis. The Arteries, Veins and Lymphatics. The Mouth, Tongue and Lips. The Neck and Salivary Glands. The Breast. The Abdominal Wall, Herniae and the Umbilicus. The Abdomen. The Rectum and Anal Canal. The Kidneys, Urinary Tract and Prostate. The External Genitalia.
588 0 _aOnline resource; title from PDF title page (viewed May 10, 2021).
545 0 _aThe Editors: James A. Gossage BSc MS FRCS is Consultant General Upper GI Surgeon, Guy's and St Thomas' NHS Foundation Trust, London, UK Matthew F. Bultitude MBBS MRCS MSc FRCS(Urol) is Consultant Urological Surgeonand Clinical Director for Transplant, Renal and Urology, Guy's and St Thomas' Hospitals NHS Foundation Trust, London, UK Steven A. Corbett BSc PhD FRCS FRCS(Tr & Orth) is Consultant Orthopaedic Surgeon, Guy's and St Thomas' NHS Foundation Trust; Fortius Clinic, London, UK Associate Editors: Katherine M. Burnand FRCS(Paed Surg) is Consultant Paediatric Surgeon, St George's Hospital, London, UK Rajiv Lahiri BSc MD(res) FRCS is Senior Fellow in HPB Surgery, Royal Surrey County Hospital, Guildford, UK Emeritus Editor: Kevin Burnand MBBS FRCS MS is Emeritus Professor of Surgery, Kings College, London, UK
650 0 _aDiseases.
650 0 _aDiagnosis, Surgical.
650 0 _aPhysical diagnosis.
655 4 _aElectronic books.
700 1 _aCorbett, Steven A.,
_eeditor.
700 1 _aBultitude, Matthew,
_eeditor.
700 1 _aGossage, James A.,
_eeditor.
700 1 _aBrowse, Norman L.
_q(Norman Leslie).
_tIntroduction to the symptoms & signs of surgical disease.
776 0 8 _iPrint version:
_z9781138330405
856 4 0 _uhttps://ezproxy.taylors.edu.my/login?url=https://search.ebscohost.com/login.aspx?direct=true&scope=site&db=nlebk&db=nlabk&AN=2694845
_zAn electronic book accessible through the World Wide Web; click to view
999 _c191804